000 00459nam a2200157 i 4500
001 bg
100 1 _aWOJTALA, Wanda
245 0 _aPrzegląd działających i projektowanych w kraju systemów wyszukiwania informacji z zastosowaniem kart perforowanych /
_cWanda Wojtala, Anna Gut.
260 _aWarszawa,
_c1969.
700 1 _aGUT, Anna
040 _cBPK
041 _apol
080 _a002:651.8
942 _cKS
008 s pl f |000 0 pol
999 _c7239
_d7239
856 _uhttp://koha.tu.koszalin.pl/cgi-bin/koha/opac-detail.pl?biblionumber=7239
_yKatalog online BPK